000 00809nam a2200229Ia 4500
003 CO-CtgCURN
005 20250409210213.0
008 190723s9999 xx 000 0 und d
020 _a9588087937
040 _aCO-CtgCURN
_bspa
_ccoctgcurn
082 _a352.3
_bM578a
100 _aMesa Nieves, Luis Eduardo
245 0 _aLa actividad contractual y la responsabilidad en la administración /
_cLuis Eduardo Mesa Nieves
260 _aBogotá, Colombia :
_bGrupo Editorial Ibañez,
_c2002
300 _a250 páginas ;
_c22 centímetros
521 _aAREA PROFESIONAL
590 _aPrograma de Derecho_18
650 _aDerecho administrativo
650 _aResponsabilidad administrativa
942 _cBK
_h352.3
_iM578a
999 _c29812
_d29812